Federal government.

Bibliographic Details
Main Author: Wheare, K. C. (Kenneth Clinton), 1907-
Format: Book
Language:English
Published: London, New York : Oxford University Press, 1953.
Edition:3d ed.
Subjects:

MARC

Tag First Indicator Second Indicator Subfields
LEADER 00000cam a2200000 4500
001 in00000056553
005 20151007082033.0
008 750312s1953 eng u
010 |a  53004240  
035 |a (OCoLC)01212452 
035 |9 AAF7278AM 
040 |c CWR  |d TXA  |d UtOrBLW 
049 |a TXAM  |c [234568] 
050 0 |a JC353  |b .W56 1953 
082 0 |a 321.021 
092 |a 321.021  |b W556f3 
100 1 |a Wheare, K. C.  |q (Kenneth Clinton),  |d 1907- 
245 1 0 |a Federal government. 
250 |a 3d ed. 
264 1 |a London,  |a New York :  |b Oxford University Press,  |c 1953. 
300 |a vi, 278 pages ;  |c 22 cm. 
336 |a text  |b txt  |2 rdacontent 
337 |a unmediated  |b n  |2 rdamedia 
338 |a volume  |b nc  |2 rdacarrier 
650 0 |a Federal government. 
999 |a MARS 
999 f f |s 89940617-ae68-372d-94ed-150f5e865825  |i 632681cb-a246-3ac2-ae79-5c3a3d69d0d1  |t 0